خو شبو کے حو ا لے (Record no. 164651)

MARC details
000 -LEADER
fixed length control field 00650nam a22001937a 4500
005 - DATE AND TIME OF LATEST TRANSACTION
control field 20190523164537.0
010 ## - LCCN (DPL NO)
LC control number UR-10148
020 ## - INTERNATIONAL STANDARD BOOK NUMBER
Terms of availability 251.00
International Standard Book Number 9789386624826
035 ## - SYSTEM CONTROL NUMBER
System control number U-8703
037 ## - SOURCE OF ACQUISITION
Source of stock number/acquisition DBAD/PUB
082 ## - DEWEY DECIMAL CLASSIFICATION NUMBER
Classification number 841
100 ## - MAIN ENTRY--PERSONAL NAME
Personal name بد ر محمد ی
245 ## - TITLE STATEMENT
Title خو شبو کے حو ا لے
Statement of responsibility, etc بد ر محمد ی
246 ## - VARYING FORM OF TITLE
Remainder of title ‏Khushboo ke Hawaley (Urdu)
Title proper/short title by Badr Mohammadi
260 ## - PUBLICATION, DISTRIBUTION, ETC. (IMPRINT)
Place of publication, distribution, etc Delhi
Name of publisher, distributor, etc Educational Publishing House
Date of publication, distribution, etc 2017 ء
270 ## - ADDRESS
Address 3191،Vakil Street,Kucha Pandit,Lal Kuan,
City Delhi
Postal code 110006
Telephone number 23216162
Fax number 00911123211540
300 ## - PHYSICAL DESCRIPTION
Extent 160ص
Dimensions 22 Cm.(bk)
942 ## - ADDED ENTRY ELEMENTS (KOHA)
Source of classification or shelving scheme Dewey Decimal Classification
Item type Urdu Bks
Classification part 841
Call number suffix ب د ر
Holdings
Withdrawn status Lost status Not for loan Collection code Home library Current library Date acquired Source of acquisition Cost, normal purchase price Full call number Barcode Copy number Cost, replacement price Koha item type
    Not For Loan Non-fiction D.B.Act.Division D.B.Act.Division 23/05/2019 DBAD/PUB 251.00 841 ب د ر U-8703 1 251.00 Urdu Bks

© Delhi Public Library
Hit Counter
free hit counter